000 01224nam a2200337 a 4500
001 000112318
003 CHAP
005 20220817044710.0
008 160301s2016 mx a fsm |||||||spa d
010 _a108779
011 _a109751
040 _cCHAP
090 _aTesis
100 1 _aLobo Cárdenas, Gabriela Isabel
_9130542
245 1 3 _aEl vínculo entre violencia social y maltrato animal :
_h[En línea]
_buna exploración de casos en México /
_cpor Gabriela Isabel Lobo Cárdenas.
260 _aChapingo, Méx. :
_bEl autor,
_c2016.
500 _aPara ver el contenido del material haga clic en la liga
502 _aTesis (M.C. en Sociología Rural) -- UACH. Departamento de Sociología Rural
590 _aE11695DGD
_b10
_c20160308
_lUCH01
_h1103
590 _aE6096MTM
_b05
_c20160301
_lUCH01
_h1440
590 _aE6096MTM
_b05
_c20160301
_lUCH01
_h1441
590 _aE6096MTM
_b05
_c20160302
_lUCH01
_h1157
650 1 4 _aAnimales
_xTrato.
_95874
650 1 4 _aBienestar animal.
650 1 4 _aBienestar social
_zMéxico.
_912636
650 1 4 _aViolencia urbana
_zMéxico.
_9127731
856 _aFinding aid
_uhttp://10.13.5.2/tesis/sist112318.pdf
_zTeclea aquí
901 _aBK
942 _cTESIS
942 _n0
999 _c108779
_d108779